LEADER 01192nam a22003375i 4500 001 991002253549707536 007 cr nn 008mamaa 008 121227s1998 de | s |||| 0|eng d 020 $a9783540687146 035 $ab14145091-39ule_inst 040 $aBibl. Dip.le Aggr. Matematica e Fisica - Sez. Matematica$beng 082 04$a515.353$223 084 $aAMS 49J45 084 $aAMS 35B20 084 $aAMS 73M25 100 1 $aBraides, Andrea$062002 245 10$aApproximation of free-discontinuity problems$h[e-book] /$cby Andrea Braides 260 $aBerlin :$bSpringer,$c1998 300 $a1 online resource (xiv, 154 p.) 440 0$aLecture Notes in Mathematics,$x0075-8434 ;$v1694 650 0$aMathematics 650 0$aDifferential equations 650 0$aNumerical analysis 650 0$aMathematical physics 773 0 $aSpringer eBooks 856 40$uhttp://dx.doi.org/10.1007/BFb0097344$zAn electronic book accessible through the World Wide Web 907 $a.b14145091$b03-03-22$c05-09-13 912 $a991002253549707536 996 $aApproximation of free-discontinuity problems$978855 997 $aUNISALENTO 998 $ale013$b05-09-13$cm$d@ $e-$feng$gde $h0$i0 LEADER 01922oam 2200529 450 001 9910715023703321 005 20201127085748.0 035 $a(CKB)5470000002507770 035 $a(OCoLC)1136490335 035 $a(EXLCZ)995470000002507770 100 $a20200116d1930 ua 0 101 0 $aeng 135 $aurbn||||||||| 181 $ctxt$2rdacontent 182 $cc$2rdamedia 183 $acr$2rdacarrier 200 10$aBending tests of metal monocoque fuselage construction /$fby Ralph W. Mossman and Russell G. Robinson 210 1$aWashington, [D.C.] :$cNational Advisory Committee for Aeronautics,$d1930. 215 $a1 online resource (38 pages, 6 unnumbered pages) $cillustrations 225 1 $aTechnical notes / National Advisory Committee for Aeronautics ;$vNo. 357 300 $a"November, 1930." 300 $aNo Federal Depository Library Program (FDLP) item number. 320 $aIncludes bibliographical references (page 28a). 606 $aAirplanes$xFuselage 606 $aMonocoque construction$xTesting 606 $aAirplanes$xDesign and construction 606 $aBending stresses 606 $aAirplanes$xDesign and construction$2fast 606 $aAirplanes$xFuselage$2fast 615 0$aAirplanes$xFuselage. 615 0$aMonocoque construction$xTesting. 615 0$aAirplanes$xDesign and construction. 615 0$aBending stresses. 615 7$aAirplanes$xDesign and construction. 615 7$aAirplanes$xFuselage. 700 $aMossman$b Ralph W.$01386729 702 $aRobinson$b Russell G$g(Russell Gideon),$f1907-2003, 712 02$aUnited States.$bNational Advisory Committee for Aeronautics, 801 0$bTRAAL 801 1$bTRAAL 801 2$bOCLCO 801 2$bOCLCF 801 2$bGPO 906 $aBOOK 912 $a9910715023703321 996 $aBending tests of metal monocoque fuselage construction$93435895 997 $aUNINA